<?xml version="1.0" encoding="UTF-8"?>
<record
    xmlns:xsi="http://www.w3.org/2001/XMLSchema-instance"
    xsi:schemaLocation="http://www.loc.gov/MARC21/slim http://www.loc.gov/standards/marcxml/schema/MARC21slim.xsd"
    xmlns="http://www.loc.gov/MARC21/slim">

  <leader>02099nam a2200313 a 4500</leader>
  <controlfield tag="001">000031102</controlfield>
  <controlfield tag="003">DO-SdBNP</controlfield>
  <controlfield tag="005">20211118095309.0</controlfield>
  <controlfield tag="008">110613s2007    dr ad   r     001 0 spa d</controlfield>
  <datafield tag="020" ind1=" " ind2=" ">
    <subfield code="a">9789945130379</subfield>
  </datafield>
  <datafield tag="040" ind1=" " ind2=" ">
    <subfield code="a">DO-SdBNP</subfield>
    <subfield code="b">spa</subfield>
    <subfield code="c">BNPHU</subfield>
  </datafield>
  <datafield tag="082" ind1=" " ind2="4">
    <subfield code="a">324.63</subfield>
    <subfield code="b">A657s</subfield>
    <subfield code="2">22</subfield>
  </datafield>
  <datafield tag="100" ind1="1" ind2="0">
    <subfield code="a">Aquino R., Jos&#xE9; &#xC1;ngel,</subfield>
    <subfield code="9">57581</subfield>
  </datafield>
  <datafield tag="245" ind1="1" ind2="0">
    <subfield code="a">Sistemas electorales y representaci&#xF3;n femenina /</subfield>
    <subfield code="c">Jos&#xE9; &#xC1;ngel Aquino R. ; edici&#xF3;n de Rafael Menoscal Reynoso.</subfield>
  </datafield>
  <datafield tag="260" ind1=" " ind2=" ">
    <subfield code="a">Santo Domingo :</subfield>
    <subfield code="b">JCE,</subfield>
    <subfield code="c">2007.</subfield>
  </datafield>
  <datafield tag="300" ind1=" " ind2=" ">
    <subfield code="a">61 p. :</subfield>
    <subfield code="b">il., gr&#xE1;fcs. ;</subfield>
    <subfield code="c">26 cm.</subfield>
  </datafield>
  <datafield tag="490" ind1=" " ind2=" ">
    <subfield code="a">Ensayos electorales ;</subfield>
    <subfield code="v">3</subfield>
  </datafield>
  <datafield tag="500" ind1=" " ind2=" ">
    <subfield code="a">Incluye datos biogr&#xE1;ficos del autor en la contracubierta.</subfield>
  </datafield>
  <datafield tag="504" ind1=" " ind2=" ">
    <subfield code="a">Bibliograf&#xED;a : p. 59-61.</subfield>
  </datafield>
  <datafield tag="505" ind1="0" ind2=" ">
    <subfield code="a">Presentaci&#xF3;n 9 -- Pr&#xF3;logo 13 -- SISTEMAS ELECTORALES Y REPRESENTACION FEMENINA 15 -- EL SISTEMA ELECTORAL 15 -- Tipos de sistemas electorales 16 -- Componentes de los sistemas electorales 16 -- LA ACCION AFIRMATIVA 19 -- La cuota femenina como mecanismo de acci&#xF3;n afirmativa 20 -- Resultados positivos pero limitados 21 -- Situaci&#xF3;n en Am&#xE9;rica Latina 22 -- SISTEMA ELECTORAL, CUOTA FEMENINA Y REPRESENTACION POLITICA 27 -- Ep&#xED;logo 31 -- ANEXO -- Evoluci&#xF3;n estad&#xED;stica de la representac&#xF3;n pol&#xED;tica femenina en la Rep&#xFA;blica Dominicana 33 -- A. Evoluci&#xF3;n de la participaci&#xF3;n femenina en el Congreso Nacional y los Ayuntamientos 35 -- B. Regulaci&#xF3;n de la aplicaci&#xF3;n de la cuota femenina por la Junta Central Electoral 1998-2006 39 -- C. Candidaturas femeninas presentadas por los partidos pol&#xED;ticos que alcanzaron representaci&#xF3;n congresional y municipal propia 45 -- D. Relaci&#xF3;n de candidaturas femeninas electas por tipo de circunscripci&#xF3;n y partido pol&#xED;tico 51</subfield>
  </datafield>
  <datafield tag="590" ind1=" " ind2=" ">
    <subfield code="a">Inventariado, 2019/BT</subfield>
  </datafield>
  <datafield tag="650" ind1="1" ind2="4">
    <subfield code="a">Elecciones</subfield>
    <subfield code="z">Rep&#xFA;blica Dominicana</subfield>
    <subfield code="9">2992</subfield>
  </datafield>
  <datafield tag="650" ind1="1" ind2="4">
    <subfield code="a">Mujeres en la pol&#xED;tica</subfield>
    <subfield code="z">Rep&#xFA;blica Dominicana</subfield>
    <subfield code="9">6586</subfield>
  </datafield>
  <datafield tag="650" ind1="1" ind2="4">
    <subfield code="a">Sufragio femenino</subfield>
    <subfield code="z">Rep&#xFA;blica Dominicana</subfield>
    <subfield code="9">57582</subfield>
  </datafield>
  <datafield tag="700" ind1="1" ind2=" ">
    <subfield code="a">Reynoso, Menoscal</subfield>
    <subfield code="e">ed.</subfield>
    <subfield code="9">41</subfield>
  </datafield>
  <datafield tag="830" ind1=" " ind2="0">
    <subfield code="a">Ensayos electorales ;</subfield>
    <subfield code="n">3</subfield>
    <subfield code="9">57584</subfield>
  </datafield>
  <datafield tag="910" ind1=" " ind2=" ">
    <subfield code="a">Validado. Control de calidad EMS.</subfield>
  </datafield>
  <datafield tag="942" ind1=" " ind2=" ">
    <subfield code="2">ddc</subfield>
    <subfield code="c">LBS1</subfield>
  </datafield>
  <datafield tag="952" ind1=" " ind2=" ">
    <subfield code="0">0</subfield>
    <subfield code="1">0</subfield>
    <subfield code="2">ddc</subfield>
    <subfield code="5">6</subfield>
    <subfield code="7">0</subfield>
    <subfield code="8">DS</subfield>
    <subfield code="a">BNPHU</subfield>
    <subfield code="b">DO</subfield>
    <subfield code="c">HD</subfield>
    <subfield code="d">2018-12-13</subfield>
    <subfield code="l">0</subfield>
    <subfield code="o">BNPHU DS 324.63 A657s</subfield>
    <subfield code="p">31102-40</subfield>
    <subfield code="r">2020-06-25</subfield>
    <subfield code="t">e.3</subfield>
    <subfield code="w">2020-06-25</subfield>
    <subfield code="y">LFDS</subfield>
  </datafield>
  <datafield tag="952" ind1=" " ind2=" ">
    <subfield code="0">0</subfield>
    <subfield code="1">0</subfield>
    <subfield code="2">ddc</subfield>
    <subfield code="5">1</subfield>
    <subfield code="7">0</subfield>
    <subfield code="8">PD</subfield>
    <subfield code="a">BNPHU</subfield>
    <subfield code="b">PD</subfield>
    <subfield code="c">HD</subfield>
    <subfield code="d">2011-06-13</subfield>
    <subfield code="e">Deposito</subfield>
    <subfield code="l">0</subfield>
    <subfield code="o">BNPHU PD 324.63 A657s</subfield>
    <subfield code="p">31102-10</subfield>
    <subfield code="r">2020-06-25</subfield>
    <subfield code="w">2020-06-25</subfield>
    <subfield code="y">LFPD</subfield>
  </datafield>
  <datafield tag="952" ind1=" " ind2=" ">
    <subfield code="0">0</subfield>
    <subfield code="1">0</subfield>
    <subfield code="2">ddc</subfield>
    <subfield code="5">1</subfield>
    <subfield code="7">0</subfield>
    <subfield code="8">PD</subfield>
    <subfield code="a">BNPHU</subfield>
    <subfield code="b">PD</subfield>
    <subfield code="c">HD</subfield>
    <subfield code="d">2011-06-13</subfield>
    <subfield code="l">0</subfield>
    <subfield code="o">BNPHU PD 324.63 A657s</subfield>
    <subfield code="p">31102-20</subfield>
    <subfield code="r">2020-06-25</subfield>
    <subfield code="t">e. 2</subfield>
    <subfield code="w">2020-06-25</subfield>
    <subfield code="y">LFPD</subfield>
  </datafield>
  <datafield tag="952" ind1=" " ind2=" ">
    <subfield code="0">0</subfield>
    <subfield code="1">0</subfield>
    <subfield code="2">ddc</subfield>
    <subfield code="5">6</subfield>
    <subfield code="7">0</subfield>
    <subfield code="8">DS</subfield>
    <subfield code="a">BNPHU</subfield>
    <subfield code="b">DO</subfield>
    <subfield code="c">HD</subfield>
    <subfield code="d">2021-08-19</subfield>
    <subfield code="e">Donaci&#xF3;n</subfield>
    <subfield code="l">0</subfield>
    <subfield code="o">BNPHU DS 324.63 A657s</subfield>
    <subfield code="p">2021-25504</subfield>
    <subfield code="r">2021-08-19</subfield>
    <subfield code="t">e.4</subfield>
    <subfield code="w">2021-08-19</subfield>
    <subfield code="y">LFDS</subfield>
  </datafield>
  <datafield tag="952" ind1=" " ind2=" ">
    <subfield code="0">0</subfield>
    <subfield code="1">0</subfield>
    <subfield code="2">ddc</subfield>
    <subfield code="5">6</subfield>
    <subfield code="7">0</subfield>
    <subfield code="8">DS</subfield>
    <subfield code="a">BNPHU</subfield>
    <subfield code="b">DO</subfield>
    <subfield code="c">HD</subfield>
    <subfield code="d">2021-08-19</subfield>
    <subfield code="e">Donaci&#xF3;n</subfield>
    <subfield code="l">0</subfield>
    <subfield code="o">BNPHU DS 324.63 A657s</subfield>
    <subfield code="p">2021-25505</subfield>
    <subfield code="r">2021-08-19</subfield>
    <subfield code="t">e.5</subfield>
    <subfield code="w">2021-08-19</subfield>
    <subfield code="y">LFDS</subfield>
  </datafield>
  <datafield tag="999" ind1=" " ind2=" ">
    <subfield code="c">30594</subfield>
    <subfield code="d">30594</subfield>
  </datafield>
</record>
